085_ Personnalités nées un 26 mars par images - Statistiques

Statistiques générales
  • Ce quiz a été pris 14 fois
  • Le résultat moyen est 2 sur 9
Statistiques - réponses
Par images Hint Réponse % Correct
Politicienne Nancy Pelosi
46%
Dirigeant Politique Mahmoud Abbas
38%
Chanteuse Diana Ross
31%
Politicien François Léotard
31%
Politicien Stéphane Séjourné
31%
Acteur James Caan
23%
Actrice Jennifer Grey
8%
Homme d'affaires Larry Page
8%
Cycliste Laurent Brochard
8%
Aucun quiz correspondant
Distribution des résultats
% des personnes avec chaque résultat
Percentile par nombre de réponses
Votre historique - résultats
Vous n’avez pas pris ce quiz